| 000 | 00372nam a2200133Ia 4500 | ||
|---|---|---|---|
| 008 | 231017s9999 xx 000 0 und d | ||
| 082 | _a657.02 | ||
| 082 | _bDAV | ||
| 245 | 0 | _aImproving road safety by reducing impaired driving in developing countries: a scoping study | |
| 245 | 0 | _cGlobal road safety | |
| 260 | _bGlobal road safety | ||
| 300 | _c30cm | ||
| 942 | _cREP | ||
| 999 |
_c606588 _d606588 |
||